| 000 | 01972nam a2200409 c 4500 | ||
|---|---|---|---|
| 999 |
_c347531 _d347531 |
||
| 003 | BLK | ||
| 005 | 20240212151508.0 | ||
| 008 | 180411b bul|||||r ||||||| ||bul|| | ||
| 010 | _aKNG00188067000 | ||
| 020 | _a9786192320744 | ||
| 040 | _aBLK | ||
| 041 |
_aBUL _cBUL |
||
| 072 | 7 |
_2bullib _aН33 _xИкономика Н |
|
| 080 |
_aОбщи въпроси на производството (Организация на производствения процес вж 658.5) _b338.3 _x(075.8) _z338.3(075.8) |
||
| 080 |
_aУправление и администрация на предприемачеството. Организация на търговията _b658 _x(075.8) _z658(075.8) |
||
| 080 |
_aОбщи въпроси на търговията. Пазар _b339.1 _x(075.8) _z339.1(075.8) |
||
| 100 | 1 |
_aРаковска, Мирослава Атанасова _eпърви автор _9341724 |
|
| 139 |
_aРаковска, Мирослава Атанасова и др. _bР 31 |
||
| 245 | 1 | 0 |
_aБизнес логистика _cМирослава Атанасова Раковска; Николай Драгомиров; Камен Миланов Луканов. |
| 257 | _aBGR | ||
| 260 |
_bИзд. комплекс - УНСС _c2018 _9395606 _aСофия |
||
| 300 |
_a300 с. _bс ил., сх. _c24 см |
||
| 380 | _a3 | ||
| 500 | _aИзд. на УНСС. - Библиогр. след отд. гл. и под линия. | ||
| 650 | 4 |
_aЛогистика (икономика) _9263742 |
|
| 653 | _aлогистични процеси | ||
| 659 | _aН | ||
| 700 |
_aДрагомиров, Николай _eсъавт. _91445 |
||
| 700 |
_9363723 _aЛуканов, Камен Миланов _eсъавт. |
||
| 856 | 4 | _qpdf | |
| 856 | 4 | _qpdf | |
| 942 |
_cKNG _n0 _04 _s1 |
||
| 944 |
_aCR _c30.05.2016 _k30564 _lГалина Якимова |
||
| 944 |
_aED _c16.08.2016 _kГеновева_Генчева |
||
| 999 | _d347531 | ||
| 999 | _d179288 | ||